000 00978nam a22003257a 4500
003 CHAP
005 20220817042819.0
008 971013s1966 r 00010 d
010 _a56483
011 _a57455
035 _a61610
040 _cCHAP
082 _a972
_bS5 1966
100 0 0 _aSimpson, Lesley Byrd.
_9106505
245 _aMany Mexicos
250 _a4 ed.
260 _aBerkeley, Cal. :
_bUniversity of California,
_c1966
300 _a389 p.
_b; mapas
490 _aSilver aniversary edition
590 _aBATCH-UPD
_b10
_c20130110
_lUCH01
_h0535
590 _aBATCH-UPD
_b10
_c20130110
_lUCH01
_h2345
590 _aBATCH-UPD
_b10
_c20130410
_lUCH01
_h0215
590 _aBATCH-UPD
_b10
_c20130914
_lUCH01
_h1826
590 _aCONVERSION
_b10
_c20130109
_lUCH01
_h1330
650 1 4 _aMéxico
_xHistoria.
830 0 _aSilver aniversary edition
_9106081
901 _aBK
942 _cLIBRO
949 _a972 S5 1966
_bBC
_cLIBRO
_d33724000604831
_eLIBRO
_h38808
_i61610
_si
999 _c56483
_d56483